The free market innovation machine: analyzing the growth miracle of capitalism (Record no. 403146)

000 -LEADER
fixed length control field 00441cam a22001457a 4500
008 - FIXED-LENGTH DATA ELEMENTS--GENERAL INFORMATION
fixed length control field 180718b2004 xxu||||| |||| 00| 0 eng d
020 ## - INTERNATIONAL STANDARD BOOK NUMBER
International Standard Book Number 019567037x
082 ## - DEWEY DECIMAL CLASSIFICATION NUMBER
Classification number T111 B327
100 ## - MAIN ENTRY--PERSONAL NAME
Personal name Baumol, William J.
245 ## - TITLE STATEMENT
Title The free market innovation machine: analyzing the growth miracle of capitalism
Statement of responsibility, etc. by William J. Baumol
260 ## - PUBLICATION, DISTRIBUTION, ETC.
Place of publication, distribution, etc. New Delhi
Name of publisher, distributor, etc. Oxford Univ. Press
Date of publication, distribution, etc. 2004
300 ## - PHYSICAL DESCRIPTION
Extent 318p.
650 ## - SUBJECT ADDED ENTRY--TOPICAL TERM
Topical term or geographic name entry element Economics
650 ## - SUBJECT ADDED ENTRY--TOPICAL TERM
Topical term or geographic name entry element Capitalism
Holdings
Withdrawn status Lost status Damaged status Not for loan Permanent Location Current Location Date acquired Full call number Barcode Date last seen Price effective from Koha item type
        Indian Institute of Public Administration Indian Institute of Public Administration 2004-12-06 T111 B327 79786 2018-07-21 2018-07-21 Book

Powered by Koha